| 000 | 00764nam a2200217 a 4500 | ||
|---|---|---|---|
| 001 | 000035883 | ||
| 005 | 20200930074706.0 | ||
| 008 | 111115s1987 xxuac 000 0 eng d | ||
| 020 | _a0673270580 | ||
| 020 | _a0673270572 | ||
| 040 |
_aDO-SdBNP _bspa _cBNPHU |
||
| 082 |
_axxx _bM478e, 1987 |
||
| 100 | 1 |
_aMcDonnell, Helen _961877 |
|
| 245 | 1 | 0 |
_aEngland in literature / _cHelen McDonnell, Jhon Pfordresher, Gladys V. Veidemanis. |
| 250 | _a7a ed. | ||
| 260 |
_aUnited States of America : _bAmerica reads _bScott, Foresman and company, _c1987. |
||
| 300 |
_axvii, 862 p. : _bil., retrs. ; _c27 cm. |
||
| 590 | _aPerteneció a la biblioteca personal de Juan Isidro Jimenes Grullón | ||
| 700 | 1 |
_aPfordresher, Jhon _961878 |
|
| 700 | 1 |
_aVeidemanis, Gladys V. _961879 |
|
| 999 |
_c35374 _d35374 |
||